<?xml version="1.0" encoding="UTF-8"?>
<record
    xmlns:xsi="http://www.w3.org/2001/XMLSchema-instance"
    xsi:schemaLocation="http://www.loc.gov/MARC21/slim http://www.loc.gov/standards/marcxml/schema/MARC21slim.xsd"
    xmlns="http://www.loc.gov/MARC21/slim">

  <leader>04126nab a22007217  4500</leader>
  <controlfield tag="003">AR-RoUNA</controlfield>
  <datafield tag="022" ind1=" " ind2=" ">
    <subfield code="a">0327-9022</subfield>
  </datafield>
  <datafield tag="040" ind1=" " ind2=" ">
    <subfield code="a">AR-RoUNA</subfield>
    <subfield code="b">spa</subfield>
  </datafield>
  <datafield tag="041" ind1=" " ind2=" ">
    <subfield code="a">spa</subfield>
  </datafield>
  <datafield tag="044" ind1=" " ind2=" ">
    <subfield code="a">ag</subfield>
  </datafield>
  <datafield tag="245" ind1=" " ind2=" ">
    <subfield code="a">Summa+</subfield>
  </datafield>
  <datafield tag="260" ind1=" " ind2=" ">
    <subfield code="a">Buenos Aires (Argentina):</subfield>
    <subfield code="c">Donn SA,</subfield>
    <subfield code="b">1993.</subfield>
  </datafield>
  <datafield tag="300" ind1=" " ind2=" ">
    <subfield code="a">192 p. :</subfield>
    <subfield code="b">il. byn.</subfield>
    <subfield code="b">planos</subfield>
    <subfield code="c">34X25 cm.</subfield>
  </datafield>
  <datafield tag="505" ind1="0" ind2=" ">
    <subfield code="t">INDICE</subfield>
  </datafield>
  <datafield tag="505" ind1="0" ind2=" ">
    <subfield code="t">ARQUITECTURA Y MEMORIA - SAN VICENTE</subfield>
  </datafield>
  <datafield tag="505" ind1="0" ind2=" ">
    <subfield code="a">Eduardo Maestripieri / Espacio, Lugar y Moumento. p. 74</subfield>
  </datafield>
  <datafield tag="505" ind1="0" ind2=" ">
    <subfield code="a">LGR - Gabriel Lanosa, Josu Gonz&#xE1;lez Rui, Javier Fern&#xE1;ndez Castro, AFRA, Saturnino Armendares, Pablo Ferreiro Fern&#xE1;ndez Prieto y asociados. / Parque de homenaje, Mausoleo Juan y Eva Per&#xF3;n, San Vicente, Buenos Aires. p. 82</subfield>
  </datafield>
  <datafield tag="505" ind1="0" ind2=" ">
    <subfield code="a">Liliana Bonvecchi / Materia Infranqueable, Berl&#xED;n. p. 88</subfield>
  </datafield>
  <datafield tag="505" ind1="0" ind2=" ">
    <subfield code="a">Peter Eisenman, Eisenman  architects / Memorial a los Jud&#xED;os europeos asesinados, Berl&#xED;n, 2005. p. 88</subfield>
  </datafield>
  <datafield tag="505" ind1="0" ind2=" ">
    <subfield code="a">Pablo Sztulwark / CIUDAD MEMORIA. Monumento, lugar y situaci&#xF3;n urbana. p. 94</subfield>
  </datafield>
  <datafield tag="505" ind1="0" ind2=" ">
    <subfield code="a">Daniel Libeskind / Museo Jud&#xED;o de Berl&#xED;n, 2001. p. 95</subfield>
  </datafield>
  <datafield tag="505" ind1="0" ind2=" ">
    <subfield code="a">Plaza de las Almas, Par&#xED;s, Francia, 1999. p. 96</subfield>
  </datafield>
  <datafield tag="505" ind1="0" ind2=" ">
    <subfield code="t">PAMPULLA - OSCAR NIEMEYER</subfield>
  </datafield>
  <datafield tag="505" ind1="0" ind2=" ">
    <subfield code="a">Carlos Eduardo Comas / Pampulla y la arquitectura moderna brasile&#xF1;a. p. 98</subfield>
  </datafield>
  <datafield tag="505" ind1="0" ind2=" ">
    <subfield code="a">Oscar Niemeyer / Patrimonio de un Brasil moderno. Iglesia de Pampulla. (restauraci&#xF2;n) p. 108</subfield>
  </datafield>
  <datafield tag="505" ind1="0" ind2=" ">
    <subfield code="a">Proyectos, Asesores, Proyecto Original (1943-1944). p.113</subfield>
  </datafield>
  <datafield tag="505" ind1="0" ind2=" ">
    <subfield code="a">Marcelo Faiden / Los bajos de los edificios altos. Un itinerario construido con cuatro visitas puntuales. p.114</subfield>
  </datafield>
  <datafield tag="505" ind1="0" ind2=" ">
    <subfield code="t">ESP&#xCD;RITU DEL LUGAR</subfield>
  </datafield>
  <datafield tag="505" ind1="0" ind2=" ">
    <subfield code="a">Mariani-P&#xE9;rez Maraviglia arqs / Iglesia San Benedetto Martire y Jes&#xFA;s Ni&#xF1;o, Mar del Plata, pcia. Buenos Aires, 2000. p.118 </subfield>
  </datafield>
  <datafield tag="505" ind1="0" ind2=" ">
    <subfield code="t">MEDITACION SOBRE EL LAGO / BRASIL</subfield>
  </datafield>
  <datafield tag="505" ind1="0" ind2=" ">
    <subfield code="a">MCA Manoel Coelho arquitectura &amp; desing / Templo de La Paz, Campus Unicenp, Centro Universitario Positivo, Curitiba, Brasil. p.122</subfield>
  </datafield>
  <datafield tag="505" ind1="0" ind2=" ">
    <subfield code="t">SIMBOLISMO EN EL PAISAJE - FINLANDIA</subfield>
  </datafield>
  <datafield tag="505" ind1="0" ind2=" ">
    <subfield code="a">Sanaksenaho architects LTD., Matti Sanaksenaho / Capilla Ecum&#xE9;nica y de arte Saint Henry, Finlandia, 2005. p.126</subfield>
  </datafield>
  <datafield tag="505" ind1="0" ind2=" ">
    <subfield code="a">Max Zolkwer / La extorsi&#xF3;n como estrategia.Entrevista a Winy Maas de MVRDV. p.134</subfield>
  </datafield>
  <datafield tag="505" ind1="0" ind2=" ">
    <subfield code="a">MVRDV, Rotterdam With Super-OS Tokio / Matsudai Centro Cultural,  Matsudai, Niigata, Jap&#xF3;n, 2003. p. 138</subfield>
  </datafield>
  <datafield tag="505" ind1="0" ind2=" ">
    <subfield code="a">MVRDV - Blanca Lle&#xF3; / Edificio Mirador (Sanchinarro VII), Sanhinarro, Madrid, Espa&#xF1;a. p.144</subfield>
  </datafield>
  <datafield tag="505" ind1="0" ind2=" ">
    <subfield code="a">Maria Marta Iulita y Martha Magis / Fer&#xED;a de Mil&#xE1;n. Mil&#xE1;n de fiesta: el dise&#xF1;o a escena. p.152</subfield>
  </datafield>
  <datafield tag="505" ind1="0" ind2=" ">
    <subfield code="a">Marc Ang&#xE9;lil / Oruga: ensamble de fragmentos. p. 162</subfield>
  </datafield>
  <datafield tag="505" ind1="0" ind2=" ">
    <subfield code="a">AGPS Architecture, Marc Ang&#xE9;lil y otros / Restaurante Hof Weissbad, Appenzell, Suiza. p.162</subfield>
  </datafield>
  <datafield tag="505" ind1="0" ind2=" ">
    <subfield code="a">CAJA ENVOLVENTE - M&#xC9;XICO</subfield>
  </datafield>
  <datafield tag="505" ind1="0" ind2=" ">
    <subfield code="a">Rojkind arquitectos, Michel Rojkind con Derek Dellekamp / Oficinas Falc&#xF3;n, Colonia Campestre Tlacopac,M&#xE9;xico, 2004. p. 168</subfield>
  </datafield>
  <datafield tag="505" ind1="0" ind2=" ">
    <subfield code="t">ACAMPANDO EN NUEVA </subfield>
  </datafield>
  <datafield tag="505" ind1="0" ind2=" ">
    <subfield code="a">Mauro Bernardini y Cecilia Timossi / Tramando New York, Little 12th West, 32/36, Nueva York, EE.UU, 2005. p.172</subfield>
  </datafield>
  <datafield tag="505" ind1="0" ind2=" ">
    <subfield code="t">DILUYENDO EL BORDE - BUENOS AIRES</subfield>
  </datafield>
  <datafield tag="505" ind1="0" ind2=" ">
    <subfield code="a">Mathias Klotz y Edgardo Minond / Local Mar&#xED;a Cher, El Salvador 4724, Palermo Viejo, Buenos Aires, Argentina, 2006. p. 174</subfield>
  </datafield>
  <datafield tag="505" ind1="0" ind2=" ">
    <subfield code="a">Florencia Rodr&#xED;guez / Para&#xED;so latinoamericano. El otro Loos. p.178</subfield>
  </datafield>
  <datafield tag="505" ind1="0" ind2=" ">
    <subfield code="a">Rafael E. J. Iglesia / Po&#xE9;ticas y Museos. p. 184</subfield>
  </datafield>
  <datafield tag="505" ind1="0" ind2=" ">
    <subfield code="a">Roberto Fern&#xE1;ndez / BIG JIM. p. 186</subfield>
  </datafield>
  <datafield tag="505" ind1="0" ind2=" ">
    <subfield code="a">Mario Sabugo / Vieja y nueva geograf&#xED;a de Buenos Aires. p.188</subfield>
  </datafield>
  <datafield tag="505" ind1="0" ind2=" ">
    <subfield code="t">POST-SCRIPTUM</subfield>
  </datafield>
  <datafield tag="505" ind1="0" ind2=" ">
    <subfield code="a">Fl&#xE1;vio Kiefer / La ciudad prescindible. p. 191</subfield>
  </datafield>
  <datafield tag="600" ind1=" " ind2="7">
    <subfield code="9">2384</subfield>
    <subfield code="a">Eisenman, Peter</subfield>
    <subfield code="d">1932-</subfield>
  </datafield>
  <datafield tag="600" ind1=" " ind2="0">
    <subfield code="a">Niemeyer, Oscar,</subfield>
    <subfield code="d">1907-2012</subfield>
    <subfield code="9">3376</subfield>
  </datafield>
  <datafield tag="610" ind1=" " ind2="0">
    <subfield code="9">8926</subfield>
    <subfield code="a">MVRDV Arquitectos</subfield>
  </datafield>
  <datafield tag="650" ind1=" " ind2=" ">
    <subfield code="a">Arquitectura contempor&#xE1;nea</subfield>
  </datafield>
  <datafield tag="650" ind1=" " ind2=" ">
    <subfield code="a">Arquitectura religiosa</subfield>
    <subfield code="9">1182</subfield>
  </datafield>
  <datafield tag="653" ind1=" " ind2=" ">
    <subfield code="a">Memorial</subfield>
  </datafield>
  <datafield tag="773" ind1="0" ind2=" ">
    <subfield code="a">Summa+</subfield>
    <subfield code="d">Buenos Aires, Argentina</subfield>
    <subfield code="g">N&#xBA;81 (ago-2006), p.192</subfield>
    <subfield code="x">0327-9022</subfield>
  </datafield>
  <datafield tag="908" ind1=" " ind2=" ">
    <subfield code="a">Imp</subfield>
  </datafield>
  <datafield tag="942" ind1=" " ind2=" ">
    <subfield code="2">udc</subfield>
    <subfield code="c">ART</subfield>
  </datafield>
  <datafield tag="945" ind1=" " ind2=" ">
    <subfield code="d">2022-07-08</subfield>
  </datafield>
  <datafield tag="980" ind1=" " ind2=" ">
    <subfield code="6">138</subfield>
    <subfield code="a">Carolina Rainero</subfield>
    <subfield code="8">5</subfield>
    <subfield code="g">Mar&#xED;a Machado</subfield>
  </datafield>
  <datafield tag="999" ind1=" " ind2=" ">
    <subfield code="c">12045</subfield>
    <subfield code="d">12045</subfield>
  </datafield>
  <datafield tag="952" ind1=" " ind2=" ">
    <subfield code="0">0</subfield>
    <subfield code="1">0</subfield>
    <subfield code="2">udc</subfield>
    <subfield code="4">0</subfield>
    <subfield code="7">0</subfield>
    <subfield code="a">AR-RoUNA</subfield>
    <subfield code="b">AR-RoUNA</subfield>
    <subfield code="c">Heme</subfield>
    <subfield code="d">2025-07-22</subfield>
    <subfield code="e">Don</subfield>
    <subfield code="l">0</subfield>
    <subfield code="p">1002699</subfield>
    <subfield code="r">2025-07-22</subfield>
    <subfield code="t">ej. 1</subfield>
    <subfield code="w">2025-07-22</subfield>
    <subfield code="y">ART</subfield>
    <subfield code="k">K6</subfield>
    <subfield code="x"></subfield>
  </datafield>
</record>
